Normal view
MARC view
Entry Personal Name
001 - CONTROL NUMBER
- control field: 4225
003 - CONTROL NUMBER IDENTIFIER
- control field: dpl
005 - DATE AND TIME OF LATEST TRANSACTION
- control field: 20100802142219.0
008 - FIXED-LENGTH DATA ELEMENTS
- fixed length control field: 100802|||a|||||| | ||| d
040 ## - CATALOGING SOURCE
- Original cataloging agency: dpl
- Transcribing agency: dpl
100 ## - HEADING--PERSONAL NAME
- Personal name: Sherwani,N U K
670 ## - SOURCE DATA FOUND
- Source citation: Work cat.: (dpl): Sherwani,N U K, Global business environment /, 2011
670 ## - SOURCE DATA FOUND
- Source citation: Work cat.: (dpl): Sherwani,N U K, Global business environment /, 2011
